| 000 | 00971nam a22002895i 4500 | ||
|---|---|---|---|
| 001 | 176506 | ||
| 003 | ES-MaACL | ||
| 005 | 20250831023901.0 | ||
| 008 | 110119s1963 sp a |||| | cat d | ||
| 080 | _a27-675 | ||
| 080 | _a272:342.1 | ||
| 080 | _a27-528 | ||
| 245 | 0 | 0 |
_aOpinió pública, ordre temporal, litúrgia / _cPerarnau ... [et al.]. |
| 260 |
_aBarcelona : _bEditorial Franciscana, _c1963. |
||
| 300 |
_a153 p. : _bil. bl. y n. ; _c19 cm. |
||
| 490 | 1 |
_aCritèrion. Col·lecció Ideològica ; _v19 |
|
| 500 | _aPrecede al tít. : Els seglars davant el concili. | ||
| 504 | _aBibliografía: p. 145-153. | ||
| 546 | _aTexto en catalán. | ||
| 650 | 0 | 4 |
_aEcumenismo. _912045 |
| 650 | 0 | 7 |
_aIglesia y Estado _2embne _913554 |
| 650 | 0 | 4 |
_aLiturgia. _914683 |
| 700 | 1 |
_aPerarnau, Josep, _d1928- _990397 |
|
| 830 | 0 |
_aCritèrion. Col·lecció Ideològica ; _v19 _9190094 |
|
| 852 |
_aES-MaACL _jE-14108 _xOlim P-735 |
||
| 999 |
_c176506 _d176506 |
||